000 00557nam a2200181 a 4500
005 20140310183350.0
008 070625s19uu xx 00 eng d
020 _a1844480925
050 _aND 1535
_b.Sc425 2006
100 _aScott, Marylin
245 _aThe acrylic artist's bible :
_ban essential reference for the practising artist /
_cMarylin Scott
260 _aLondon :
_bQuarto Publishing,
_c2005.
300 _a192 p. :
_bcol. ill. ;
_c22 cm.
521 _aMA
650 _aAcrylic painting
_xTechnique.
942 _cBK
_2lcc
_kFOR
999 _c22069
_d22069